[Event "Zagreb open 2019."]
[Site "Zagreb, Croatia"]
[Date "2019.12.14"]
[Round "9.1"]
[White "Kozul, Zdenko"]
[Black "Livaic, Leon"]
[Result "1-0"]
[WhiteElo "2590"]
[BlackElo "2505"]

1. d4 Nf6 2. Nf3 d5 
3. c4 e6 4. e3 a6
5. Nbd2 
c5 6. dxc5 Bxc5 7. a3 
O-O 8. b4 Be7 9. Bb2
a5 10.
b5 Nbd7 
11. Qc2 b6 12. cxd5 Nxd5 
13. e4 N5f6 14. Nd4 Bb7
15. Nc6 
Rc8 16. Rd1 Qe8 17. f3 
Bc5 18. Qb1 Nd5 19. exd5
exd5+ 
20. Be2 Qe3 21. Ne4 dxe4 
22. Rxd7 exf3 23. gxf3 Qf2+
24. Kd1 
Rxc6 25. bxc6 Bxc6 26. Qd3 
Be3 27. Rd4 Bxf3 28. Re1
Bxd4 29.
Bxd4 Bxe2+ 30. Rxe2 Qf1+ 
31. Kd2 Qf4+ 32. Qe3 Qd6
33. Ke1 
Qc6 34. Qe5 f6 35. Qe6+ 
Qxe6 36. Rxe6 b5 37. Ra6
Rd8 38.
Bb6 Re8+ 39. Kd2 a4 
40. Bc7 Re7 41. Bd6 Re4
42. Kd3 
Rh4 43. Rb6 Rh3+ 44. Kd4 
Rb3 45. Kd5 h5 46. Kc6
g5 47.
Rxb5 Kf7 48. Ra5 Ke6 
49. Rxa4 Rc3+ 50. Bc5 Rc2
51. Ra8 
Rxh2 52. a4 Ra2 53. a5 
h4 54. a6 h3 55. a7
Kf5 56.
Rh8 Kg4 
57. a8=Q Rxa8 58. Rxa8 f5 
59. Bg1 Kf3 60. Ra2 f4
61. Kd5 
g4 62. Rf2+ Kg3 63. Ke4 
f3 64. Ra2 f2 65. Bxf2+
1-0

[Event "Zagreb open 2019."]
[Site "Zagreb, Croatia"]
[Date "2019.12.14"]
[Round "9.5"]
[White "Ivekovic, Bozidar"]
[Black "Smith, Bryan"]
[Result "0-1"]
[WhiteElo "2406"]
[BlackElo "2428"]

1. Nf3 Nf6 2. g3 g6 
3. d4 Bg7 4. Bg2 O-O
5. c4 
d6 6. Nc3 c6 7. O-O 
Qb6 8. d5 Qa6 9. Nd2
Nbd7 10.
dxc6 bxc6 11. Qa4 Ne5 
12. b3 Qb6 13. Ba3 Nfd7
14. Nde4 Qc7 15. Rad1 
a5 16. Bc1 Nb6 17. Qa3
f5 18.
c5 fxe4 
19. cxb6 Qxb6 20. Nxe4 Ba6 
21. Rde1 Qb4 22. h3 h6
23. f4 
Nd7 24. Nf2 Bc3 25. Qxb4 
axb4 26. Bxc6 Rad8 27. Nd3
Bxd3 28.
exd3 Bxe1 29. Rxe1 Nf6 
30. Bd2 Rc8 31. Bf3 Rc2
32. Bxb4 Rxa2 33. Rxe7 
Rb8 34. Bxd6 Rxb3 35. Re2
Ra6 36.
Be5 Rxd3 37. Kf2 Raa3 
38. Bg2 Kf7 39. Bb2 Rab3 
40. g4 Nd5 41. Be5 Nb4
42. Kg1 
Rd7 43. Kh2 Nd3 44. h4 
Nxe5 45. fxe5 Rd4 46. Be4
Rbb4 47.
e6+ Ke7 
48. Bxg6 Rxg4 49. h5 Rg5 
50. Kh3 Rb3+ 51. Kh2 Rb4
52. Kh3 
Rgb5 53. Bf7 Rb3+ 54. Kg2 
Rg5+ 55. Kh2 Rb4 56. Kh3
Rb1 57.
Kh2 Rb4 
58. Kh3 Rc5 59. Rg2 Re5 
60. Rf2 Re3+ 61. Kg2 Rg4+
62. Kh2 
Rg5 63. Rd2 Rge5 64. Rf2 
R5e4 65. Kg2 Rg4+ 66. Kh2
Rgg3 67.
Rg2 Rgf3 68. Rg4 Re2+ 
69. Rg2 Re5 70. Rg4 Re2+
71. Rg2 
Re1 72. Rd2 Kf6 73. Kg2 
Rfe3 74. Kf2 Re5 75. Ra2
Kg5 76.
Ra5 Kf4 
77. Rxe5 Rxe5 78. Kg2 Re2+ 
79. Kh3 Kf3 80. Bg8 Re4
81. Bf7 
Kf2 82. Bg8 Re5 83. Bf7 
Kf3 84. Kh2 Re2+ 85. Kh3
Re5 86.
Kh2 Re1 
87. Bg8 Re3 88. Kh3 Kf4+ 
89. Kh2 Kg4 90. Bf7 Re2+
91. Kg1 
Kg3 92. Kf1 Re5 93. Kg1 
Re1# 0-1